Anarchistes par image - Statistiques

Statistiques générales
  • Ce quiz a été pris 127 fois
  • Le résultat moyen est 4 sur 12
Statistiques - réponses
Par images Réponse % Correct
Karl Marx
95%
Louise michel
72%
Mikhaïl Bakounine
62%
Pierre Kropotkine
44%
Nestor Makhno
30%
Emma Goldman
28%
Errico Malatesta
23%
Noam Chomsky
21%
Abdullah Öcalan
19%
Emiliano Zapata
18%
Murray Bookchin
16%
Buenaventura Durruti
6%
Aucun quiz correspondant
Distribution des résultats
% des personnes avec chaque résultat
Percentile par nombre de réponses
Votre historique - résultats
Vous n’avez pas pris ce quiz